Normal view
MARC view
Entry Personal Name
001 - CONTROL NUMBER
- control field: 20464
003 - CONTROL NUMBER IDENTIFIER
- control field: dpl
005 - DATE AND TIME OF LATEST TRANSACTION
- control field: 20100917113600.0
008 - FIXED-LENGTH DATA ELEMENTS
- fixed length control field: 100917|||a|||||| | ||| d
040 ## - CATALOGING SOURCE
- Original cataloging agency: dpl
- Transcribing agency: dpl
100 ## - HEADING--PERSONAL NAME
- Personal name: Burman, Rahul Dev
670 ## - SOURCE DATA FOUND
- Source citation: Work cat.: (dpl): Bhosle, Asha 18693, Love Story /, 1980
670 ## - SOURCE DATA FOUND
- Source citation: Work cat.: (dpl): Bhosle, Asha 18693, Love Story /, 1980
